000 00290nam a22001337a 4500
008 170606b xxu||||| |||| 00| 0 eng d
020 _a9780073406848
041 _aeng
080 _a94(7/8)
100 _a18
101 _aSHH
245 _aNATIONS OF NATIONS
_cDAVIDSON
942 _2udc
_cBK
999 _c16183
_d16183